|
|
|
|
| LEADER |
00000naa2a2200000 4500 |
| 001 |
382878 |
| 005 |
20231101063035.0 |
| 035 |
|
|
|a (RuTPU)RU\TPU\prd\7562
|
| 090 |
|
|
|a 382878
|
| 100 |
|
|
|a 20021016a2002 k y0rusy50 ca
|
| 101 |
0 |
|
|a rus
|
| 102 |
|
|
|a RU
|
| 200 |
1 |
|
|a Система "Хортица" для трубопроводного транспорта
|f А. Романовский, А. Гриненко, Г. Солодовников, В. Кузьминов
|
| 225 |
1 |
|
|a Разработки. Нефтегазовая промышленность
|
| 461 |
|
1 |
|0 (RuTPU)RU\TPU\prd\1759
|x 0206-975X
|t Современные технологии автоматизации
|o производственно-технический журнал
|d 2000-
|
| 463 |
|
1 |
|0 (RuTPU)RU\TPU\prd\6252
|t № 2
|v С. 42-48
|d 2002
|
| 610 |
1 |
|
|a информационно-измерительные системы
|
| 610 |
1 |
|
|a дистанционный контроль
|
| 610 |
1 |
|
|a газопроводы
|
| 610 |
1 |
|
|a нефтепроводы
|
| 610 |
1 |
|
|a управление
|
| 610 |
1 |
|
|a оборудование
|
| 701 |
|
1 |
|a Романовский
|b А.
|g Александр
|
| 701 |
|
1 |
|a Гриненко
|b А.
|g Александр
|
| 701 |
|
1 |
|a Солодовников
|b Г.
|g Геннадий
|
| 701 |
|
1 |
|a Кузьминов
|b В.
|g Владимир
|
| 801 |
|
1 |
|a RU
|b 63413507
|c 20021016
|g PSBO
|
| 801 |
|
2 |
|a RU
|b 63413507
|c 20131217
|g PSBO
|
| 942 |
|
|
|c BK
|